| 000 | 00356 a2200133 4500 | ||
|---|---|---|---|
| 000 | nam a22 7a 4500 | ||
| 100 | _aLuzwene, Geoerge | ||
| 110 | _aLuzwene, Geoerge | ||
| 245 | _a History of Indian Literature, Vol X, Fase 2 | ||
| 250 | _aLatest edition | ||
| 260 |
_bManohar Publishers _c2026 |
||
| 264 |
_bManohar Publishers _c2026 |
||
| 942 | _cBK | ||
| 999 |
_c395874 _d395874 |
||